Ceny a oceňovanie v praxi podnikateľov

Pojem cena a funkcia ceny. Právne predpisy upravujúce ceny. Zákon o cenách. Stanovenie cien. Ceny stanovené dohodou. Stanovenie cien pri zmluvách podľa Obchodného zákonníka. Osobitosti pri dohodovaní ceny. Cenová problematika a oceňovanie v účtovníctve. Oceňovanie v obstarávacích (historických) cená...

Descripción completa

Guardado en:
Detalles Bibliográficos
Autor principal: Kaletová, Viera
Formato: Capítulo de libro
Lenguaje:eslovaco
Materias:
Etiquetas: Agregar Etiqueta
Sin Etiquetas, Sea el primero en etiquetar este registro!

MARC

LEADER 00000naa a2200000 4500
001 r047900
005 20231003090102.3
041 0 |a slo 
044 |a SK 
245 1 0 |a Ceny a oceňovanie v praxi podnikateľov  |c Viera Kaletová 
520 |a Pojem cena a funkcia ceny. Právne predpisy upravujúce ceny. Zákon o cenách. Stanovenie cien. Ceny stanovené dohodou. Stanovenie cien pri zmluvách podľa Obchodného zákonníka. Osobitosti pri dohodovaní ceny. Cenová problematika a oceňovanie v účtovníctve. Oceňovanie v obstarávacích (historických) cenách. Oceňovanie reprodukčnými obstarávacími cenami. Oceňovanie majetku a záväzkov. Osobitosti oceňovania pre účely dane z príjmov. Pracovný list k cenám a oceňovaniu. 
610 2 0 |a ceny 
610 2 0 |a ceny obstarávacie 
610 2 0 |a tvorba cien 
610 2 0 |a oceňovanie 
610 2 0 |a oceňovanie ekonomické 
610 2 0 |a predpisy právne 
610 2 0 |a obstarávanie 
610 2 0 |a majetok 
610 2 0 |a účtovníctvo 
610 2 0 |a podnikatelia 
610 2 0 |a zákonník obchodný 
100 1 |a Kaletová, Viera